Paroles - Marcia Baïla - Les Rita Mitsouko - Statistiques

Statistiques générales
  • Ce quiz a été pris 138 fois
  • Le résultat moyen est 240 sur 305
Statistiques - réponses
Réponse % Correct
Marcia
100%
à
99%
À
99%
a
99%
la
99%
La
99%
l'a
99%
Elle
98%
elle
98%
as
97%
ce
97%
Dans
97%
dans
97%
c'est
96%
C'est
96%
mort
96%
qui
96%
Qui
96%
danse
95%
de
94%
ta
94%
t'a
94%
le
93%
Le
93%
tu
93%
Tu
93%
es
92%
que
92%
Que
92%
et
91%
Et
91%
assassinée
90%
comme
90%
Comme
90%
en
90%
En
90%
est
90%
Mais
89%
sous
88%
ton
84%
un
84%
vie
84%
bras
82%
des
82%
Des
82%
pris
82%
une
82%
Je
81%
je
81%
Quand
81%
quand
81%
toi ?
81%
toi
81%
aussi
80%
cancer
80%
ris
78%
sur
78%
du
77%
Du
77%
aimes
76%
tellement
76%
avec
75%
Avec
75%
me
75%
impossible
74%
Quel
74%
souris
73%
chose
71%
donc
71%
Belle
70%
les
70%
emmenée
69%
l'on
69%
ses
69%
peu
68%
sent
67%
bouche
65%
immense
65%
Maintenant
63%
mal
62%
chinois
61%
fusée
61%
jambes
61%
sensations
61%
d'amour
60%
couperets
59%
froid
59%
cendres
58%
satin
58%
ville
57%
sauterelle
56%
Aiguisées
55%
danser
55%
pieds
54%
voir
54%
donnent
52%
idées
51%
polystyrène
51%
sirène
51%
tout
51%
transforme
51%
très
51%
bien
50%
maigre
50%
même
50%
son
50%
consumée
49%
mouvements
48%
chaleur
47%
scène
45%
Moretto
44%
rayonne
44%
tête
44%
reste
41%
t'es
39%
expansé
38%
excitée
37%
Deux
34%
d'épaules
33%
flèches
33%
visage
33%
forte
31%
ou
31%
façon
30%
l'opéra
30%
hiéroglyphe
29%
nouvelle
29%
inca
28%
inventée
28%
danseur
26%
plat
23%
cherché
22%
carton
19%
flanelle
19%
qu'en
6%
Aucun quiz correspondant
Distribution des résultats
% des personnes avec chaque résultat
Percentile par nombre de réponses
Votre historique - résultats
Vous n’avez pas pris ce quiz